Statistics for Top 20 Sheffield United Goalscorers in the Premier League

Click here to take the quiz!

General Stats

  • This quiz has been taken 8 times
  • The average score is 7 of 23

Answer Stats

NPlayerNationalityGoals% Correct
5Oli McBurnieScottish9
100%
9Billy SharpEnglish6
86%
3David McGoldrickIrish10
86%
11John FleckScottish5
71%
9Lys MoussetFrench6
71%
14Phil JagielkaEnglish4
43%
11John LundstramEnglish5
29%
16Keith GillespieNorthern Irish3
29%
7Rob HulseEnglish8
29%
16Alan CorkEnglish3
14%
1Briane DeaneEnglish14
14%
16Christian NadéFrench3
14%
3Dane WhitehouseEnglish10
14%
16Franz CarrEnglish3
14%
7Glynn HodgesWelsh8
14%
16Ian BrysonScottish3
14%
5Jostein FloNorwegian9
14%
11Nathan BlakeWelsh5
14%
2Adrian LittlejohnEnglish11
0%
16Danny WebberEnglish3
0%
11Jon SteadEnglish5
0%
16Paul RogersEnglish3
0%
14Willie FalconerScottish4
0%

Score Distribution

Percentile by Number Answered

Percent of People with Each Score

Your Score History

You have not taken this quiz